Normal view
MARC view
Entry Personal Name
001 - CONTROL NUMBER
- control field: 64034
003 - CONTROL NUMBER IDENTIFIER
- control field: dpl
005 - DATE AND TIME OF LATEST TRANSACTION
- control field: 20240328104833.0
008 - FIXED-LENGTH DATA ELEMENTS
- fixed length control field: 240328|| aca||aabn | a|a d
040 ## - CATALOGING SOURCE
- Original cataloging agency: dpl
- Transcribing agency: dpl
100 ## - HEADING--PERSONAL NAME
- Personal name: अयंगर,एस आर आर
670 ## - SOURCE DATA FOUND
- Source citation: Work cat.: (dpl)201765: अयंगर,एस आर आर , भारतीय योद्धा;साहस,बहादुरी और त्याग की वीर गाथा/, 2021
